La torre inclinada y otros relatos

Na minha lista:
Detalhes bibliográficos
Autor principal: Porter, Katherine Anne
Formato: Livro
Idioma:Undetermined
Publicado em: Buenos Aires, Argentina Troquel 1966
Assuntos:
Tags: Adicionar Tag
Sem tags, seja o primeiro a adicionar uma tag!

MARC

LEADER 00000nam a2200000Ia 4500
008 170316s9999 xx 000 0 und d
040 |a cru BVZT 
090 |a 810 P-18t 
100 |a Porter, Katherine Anne 
245 |a La torre inclinada y otros relatos 
260 |a Buenos Aires, Argentina 
260 |b Troquel 
260 |c 1966 
300 |a 253 páginas 
650 |a LITERATURA ESTADOUNIDENSE 
999 |c 6048  |d 6048 
942 |c 15 D  |h 810 P-18t  |2 z